000 01574nam a2200169Ia 4500
008 180516s9999 xx 000 0 und d
020 _a2-7178-5188-7
041 1 0 _afre
_b
100 _aSOUAMI, TAOUFIK ; VERDELL , ERIC (Sous la dir)
245 1 0 _aConcevoir et gérer les villes
_bMilieux d'urbanistes du sud de la méditerranée
260 1 0 _a
_bEconomica / Anthropos
_c2000
300 1 0 _a229 p.
_bCouv . Ill . en coulIll . en noir et blanc, tableaux.
_c15 x 23 cm
_e
490 _aVlles
520 1 0 _aCe livre propose pour la première fois les principaux éléments de repère sur ces professionnels locaux du Maroc, de l'Algérie, de l'Egypte, de la Palestine, du Liban et de la Turquie et offre des éclairages sur la Jordanie, la Syrie et la Tuniosie. Il présente leurs références intellectuelles et leurs lieux de formation , décrit les circulations internationales, le marché du travail et examine les modalités d'exercice et les les organisations professionnelles. Cet ouvrage s'adresse ainsi aux professionnels, architectes et urbanistes, aux acteurs de la coopération internationale pour le déveppement, ainsi qu'aux chercheurs spécialistes de la ville et curieux de sa fabrication en france et ailleurs.Ce travail a été financé dans le cadre du programme de recherche urbaine pour le développement (PRUD) du ministère francais des affaires étrangères et de l'ISTED.
_b
653 _aConcerver les villes, gestion des villes, débat sur la villle et l'urbanisme, sud de la méditerranée, enjeu social e politique .
942 1 0 _c01
_t0720
_u7.3.6
_v21836
994 _a07200018
999 _c3994
_d3994